| 000 | 01403nam a2200229 a 4500 | ||
|---|---|---|---|
| 003 | OSt | ||
| 005 | 20250916090339.0 | ||
| 008 | 100219s2010 dr 000 0 spa d | ||
| 040 |
_aDO-SdBNP _bspa _cBPMSU |
||
| 082 | 4 |
_a342.729302 _bR426c 2010 _222 |
|
| 110 | 2 | _aRepública Dominicana. | |
| 240 | 1 | 0 | _aConstitución (2010) |
| 245 | 1 | 0 |
_aConstitución de la República Dominicana : _bproclamada el 26 de enero del año 2010 / |
| 260 |
_aSanto Domingo : _bSerigraf S.A, _c2010. |
||
| 300 |
_a255 p. ; _c23 cm. |
||
| 505 | 0 |
_tPreámbulo -- _tDe la Nación, del Estado, de su gobierno y de sus principios fundamentales -- _tDe los derechos, garantías y deberes fundamentales -- _tDel Poder Legislativo -- _tDel Poder Ejecutivo -- _tDel Poder Judicial -- _tDel Consejo Nacional de la Magistratura -- _tDel control constitucional -- _tDel Defensor del Pueblo -- _tDel ordenamiento del territorio y de la administración local -- _tDel Sistema electoral -- _tDel régimen económico y financiero y de la Cámara de Cuentas -- _tDe las Fuerzas Armadas, de la Policía Nacional y de la Seguridad y Defensa -- _tDe los Estados de Excepción -- _tDe las Reformas Constitucionales -- _gDisposiciones generales y transitorias. |
|
| 590 | _aInventariado, 2021/VM | ||
| 651 | 4 |
_aRepública Dominicana _xConstitución (2010) |
|
| 651 | 4 |
_aRepública Dominicana _zDerecho Constitucional |
|
| 910 | _aVMateo V. | ||
| 942 |
_2ddc _cBK |
||
| 999 |
_c13697 _d13697 |
||